000
00354nam a2200169Ia 4500
100
_a
Mittle/V.N/ Mittle/Arvind
650
_a
Electrical Engineering
250
_a
2
942
_c
BK
366
_f
22
245
_a
Basic Electrical Engineering
260
_b
McGraw Hill
_c
2006
082
_b
MIT
300
_a
828
546
_a
ENGLISH
999
_c
25710
_d
25710